| 000 | 00534nam a2200193 u 4500 | ||
|---|---|---|---|
| 005 | 20210223131259.0 | ||
| 008 | 100512s2007 es r 000 0 spa d | ||
| 020 | _a9788479013332 | ||
| 035 | _aUPN01000175790 | ||
| 049 | _aCG | ||
| 050 | 4 |
_aPQ7797 C6 _bC8.3 |
|
| 100 | 1 |
_aCortázar, Julio, _d1914-1984 |
|
| 245 | 1 | 0 |
_aCuentos de película / _cJulio Cortázar. |
| 260 |
_aBarcelona, Esp. : _bRBA Libros, _c2007. |
||
| 300 | _a171 p. | ||
| 440 | 0 | _aNarrativas hispánicas | |
| 650 | 4 |
_aLITERATURA ARGENTINA _95070 |
|
| 905 | _aLibro | ||
| 999 |
_c147893 _d147893 |
||